Helsingin raitiolinjat - Statistics

Yleistilastot
  • Tätä visaa on pelattu 168 kertaa
    85 viimeisimmän päivityksen jälkeen
  • Keskiarvotulos 17 / 24
Vastaustilastot
Linja Päätepysäkki % Oikein
13 Länsi-Pasila
86%
1 Eira
85%
6 Eiranranta
85%
2 Messukeskus
85%
4 Katajanokka
82%
5 Katajanokan terminaali
81%
7 Meilahden sairaala
75%
15 Itäkeskus
74%
8 Jätkäsaari
71%
1 Käpylä
71%
4 Munkkiniemi
70%
5 Rautatieasema
70%
10 Kirurgi
67%
3 Meilahti
67%
2 Olympiaterminaali
66%
3 Olympiaterminaali
66%
7 Länsiterminaali
64%
9 Länsiterminaali
64%
15 Keilaniemi
62%
10 Pikku Huopalahti
62%
6 Arabianranta
59%
8 Arabianranta
59%
9 Ilmala
55%
13 Nihti
51%
Ehtoja vastaavia visoja ei löytynyt
Tulosjakauma
Jokaisen tuloksen saaneiden osuus
Persentiili vastausten määrän mukaan
Tuloshistoriasi
Et ole pelannut tätä visaa sen viimeisimmän päivityksen jälkeen